| 000 | 01494nam a2200325 i 4500 | ||
|---|---|---|---|
| 003 | EG-GICUC | ||
| 005 | 20260121101429.0 | ||
| 008 | 251204s1998 ua d|||fr|||| 00| 0 ara d | ||
| 017 | _a٩٨/٨١٠٤ | ||
| 020 | _a977 - 04 - 2348-3 | ||
| 040 |
_a EG-GICUC _bara _c EG-GICUC _d EG-GICUC _erda |
||
| 041 | 0 | _aara | |
| 082 | 0 | 4 |
_221 _a345.4391 _bم ص . م |
| 092 | 0 | 4 | _221 |
| 099 | _aLaw1 07 345.4391 م ص . م 1998 | ||
| 100 | 0 |
_aمصطفى كميل أبو حديد _eمؤلف. |
|
| 245 | 1 | 0 |
_aمشكلة الحاصلين على مؤهلات عالية أثناء الخدمة : _b(أثر حصول العامل بالدولة على مؤهل عال أثناء الخدمة على تحديد مركزه الوظيفي أثر حصول العامل بالدولة على مؤهل عال أثناء الخدمة على تحديد مركزه الوظيفي ) / _cمصطفى كميل أبو حديد. |
| 264 | 1 |
_aالقاهرة : _bدار النهضة العربية، _c1998. |
|
| 300 |
_a150 صفحة : _bإيضاحيات؛ _c24 سم. |
||
| 336 |
_2rda content _atext |
||
| 337 |
_2rda media _aComputer |
||
| 338 |
_2rda carrier _aOnline Resource |
||
| 504 | _aيشتمل على إرجاعات ببليوجرافية. | ||
| 546 | _aالنص باللغة العربية | ||
| 650 | 1 | 4 | _aتصحيح أوضاع العاملين |
| 650 | 1 | 4 | _aالقانون الإداري |
| 856 | 4 | 0 | _uhttps://fll.law.cu.edu.eg/fulltext/bks/B07-01110.pdf |
| 905 |
_a32 _eYara |
||
| 942 |
_2ddc _cBK _e21 _n0 |
||
| 999 |
_c48342 _d48342 |
||